|
|
|
|
| LEADER |
00000nam a2200000 a 4500 |
| 001 |
vtls001066899 |
| 003 |
SK-MaSNL |
| 005 |
20260301193414.0 |
| 008 |
250414s1991 xo 000 0 slo |
| 015 |
|
|
|a SNBA1992/02
|
| 020 |
|
|
|a 8085403137
|q (brož.)
|
| 035 |
|
|
|a SNK000009729
|
| 035 |
|
|
|a urn:nbn:sk:snk-amku0o
|
| 035 |
|
|
|a urn:nbn:sk:snk-am004qvi
|
| 035 |
|
|
|a 15FAC5A6-7B8A-4CD0-919F-CBFE3FC9CAEE
|
| 040 |
|
|
|a SNK
|b slo
|c SNK
|e AACR2
|
| 041 |
0 |
|
|a slo
|
| 044 |
|
|
|a xo
|c SK
|
| 080 |
|
|
|a 621.375.826:535.4(035)
|2 1981
|
| 080 |
|
|
|a 535.4(035)
|2 1981
|
| 080 |
|
|
|a 535.4
|2 1981
|
| 080 |
|
|
|a 621.375.826(035)
|2 1981
|
| 100 |
1 |
|
|a Jeong, Tung H.
|4 aut
|9 572861
|
| 245 |
1 |
0 |
|a Laserová holografia
|c Tung H. Jeong, Albert B. Dick
|
| 250 |
|
|
|a 1. vyd.
|
| 260 |
|
|
|a Bratislava
|b CODEA, spol. s r.o.
|c 1991
|
| 300 |
|
|
|a 34 s.
|b Sch.
|c 21 cm
|
| 366 |
|
|
|e 1000 výt.
|
| 650 |
0 |
7 |
|a laserová holografia
|2 SNK
|9 572862
|
| 655 |
|
7 |
|a príručky
|2 SNK
|9 74364
|
| 700 |
1 |
|
|a Dick, Albert B.
|4 aut
|9 572863
|
| 852 |
|
|
|a Slovenská národná knižnica
|
| 919 |
|
|
|a 80-85403-13-7
|
| 958 |
|
|
|a OND
|
| 958 |
|
|
|a BQ
|
| 958 |
|
|
|a TL
|
| 999 |
|
|
|c 877120
|d 879050
|
| 952 |
|
|
|t P60, <04>, [BOOK], {604}
|a SNK
|b SNK
|y VYP
|7 0
|p 17A0029594
|o snkSC 80934 D1
|0 0
|1 0
|4 0
|d 1997-01-11
|f 1
|l 0
|r 2004-12-31 00:00:00
|w 2026-02-24
|
| 952 |
|
|
|t P60, <03>, [BOOK], {603}
|a SNK
|b SNK
|y PREZ
|7 0
|p 17A0169538
|o snkSC 80934
|0 0
|1 0
|4 0
|d 1998-11-16
|l 0
|r 2004-12-31 00:00:00
|w 2026-02-24
|